MDQL
is popping MORE tags! Check the
thread
!
Quizzes
Events
Quiz Creation
Community
Videos
Private Events
Remove Ads
Sign In
Join for FREE
Feedback
Dark Mode
Quiz Categories
Sports
Geography
Music
Movies
Television
Just For Fun
Miscellaneous
History
Literature
Language
Science
Gaming
Entertainment
Religion
Holiday
For Kids
Quiz Lab
Recent
Popular Today
Quiz Kudos Today
Editor Picks
Curator Picks
Quizzes by...
Day
Popularity
Type
Ratings
Length
Year
Community
Subscriptions
Recent Discussions
Orange Saloon
Badges
Playlists
Quests
Create
Leaderboards
Showdown
Live 5
Trivia Bingo
Activity
Puzzle Library
Sporcle Events
Private Events
Virtual Trivia
Globe League
Become a Host
Pub Owners
SporcleCon
Opinionation
Our Games
Videos
Blog
Mobile Apps
Partnerships
Remove Ads and Go Orange
Feedback
Miscellaneous
Crossword
General Knowledge
Baby Names
Logo
Food
Cars
Numbers
Grab Bag
University
College
Popular
Company
Slogans
Restaurants
Justice
Letter
Miscellaneous
Crossword
General Knowledge
Baby Names
Logo
Food
Cars
Numbers
Grab Bag
University
College
Popular
Company
Slogans
Restaurants
Justice
Letter
Random Quiz
Search Sporcle
×
Quiz Lab
Quiz Lab
Miscellaneous
Director
Type in answers that appear in a list
Type in answers that appear in a list
Classic
Best Score? Go Orange.
3DMM Movies - The ADVANCED Quiz! Stats
Can you name the movie, character, director, community member?
By
BENch
15m
40 Questions
32 Plays
32 Plays
32 Plays
Comments
Comments
Give Quiz Kudos
Give Quiz Kudos
-
- Ratings
hide this ad
Replay
Link that replays current quiz
Next Quiz
Link to next quiz in quiz playlist
You Got
0%
They Got
Avg Score
43%
Avg Friend Score
Upgrade to see
Score Distribution
Jump to the score distribution portion of the page
Score
0/40
Timer
15:00
0
Plays Today
Question
% Correct
It All Started on Wills...
Birthday
74.2%
20 Ways To Ruin...
Christmas
74.2%
Who was the protagonist in Dragon In America?
Jackie Chan
71%
Who won the 3DMM Game Show?
Denny Betterman
64.5%
Who directed KRB Revival?
Pogo
64.5%
How many episodes of 3DMM Evil were ever released?
6
64.5%
Who voiced Detective Detective Joe Peterson in Pamela?
Jon Barton
61.3%
Who directed A Call To Arms?
Andres De La Hoz
61.3%
Who was the sniper in Sniper @ 3dmm Community HQ?
Aaron Haynes
58.1%
Who was the villain in Mean Bread?
Christopher Walken
54.8%
Who is Sgt. Steves love intrest?
Susanne
51.6%
Which movie featured the first appearance of the Bored of 3DMM Demon?
The Showdown
51.6%
What is the name of the character who continuously gets killed in Diabolical Delightment?
Ehh Mon Ehh
51.6%
In Stranger 4, who was found randomly hiding in a fridge?
Steven Seagal
51.6%
Who voiced the character Rosal in the Vlarion 1 remake?
Beast
48.4%
In REDUX, which Vlarion fights the Bored of 3dmm Demon?
Hirolix
48.4%
Who directed the original 3DMM Godzilla 98 movie?
Z-Man
45.2%
Who won in The Fight?
Guy Collins
41.9%
Who was victorious in the Animation Tournament West Division?
Anders Borg
41.9%
Mike Belfance and Justin Wawrzoneks much loved series...
Who's The Director Anyway?
41.9%
Question
% Correct
Who directed the 3DMM.com Awards 2002?
Frogman
41.9%
Dan & Denny's Delightfully Dimensional D'Chainy Mega Movie...also known as...
5DMM
41.9%
Who won the 3DMM Royal Rumble in Wrestlemania 5000?
Brad Ross
41.9%
What is the name of the antagonist in Mario Saga 2?
Merlitar
35.5%
What television show is Bin Laden watching at the beginning of Osamas Heroes?
Seinfeld
35.5%
Who is 00 Dee Boned boss?
X12
32.3%
Who voiced Fredrick Arnoy in Powerplay?
Ryan Rubinello
32.3%
What was Nick The Almighty's last movie?
Pointless Action Movie 2
32.3%
Ramza Brave wrote the film Forgotten Heroes, who directed it?
Evan Strobel
29%
Who directed the first BAM! movie?
Kim Turley
29%
Which well known hand made character made a cameo appearance in Yeti & Squidworths Halloween Nightmare?
Toad the Frog
25.8%
What was Michael Sandfords last movie?
BONGO
25.8%
Who directed Espirit De Corps?
Sergon
22.6%
What was the followup to Knights of Camelot?
How To Save The World
22.6%
In JDR Revival, what is Boundless Bens ONE weakness?
Waumsium
19.4%
Where do the Zombie films take place?
Southampton
16.1%
Who is the protagonist in JP's Doom movies?
Michael Durden
16.1%
What is the name of the Vlarion of light?
Mastrorar
12.9%
Which movie won the Best Drama award in the 3DMM.com Awards 2005?
Hail To The Chief
12.9%
How much money was the Zephyr Gem worth in Moderately Confused?
$60 Million
9.7%
Quiz Playlist
Details
Report
Send in Message
Add To Playlist
Classic:
Type in answers that appear in a list
Last Updated: Feb 16, 2017
Quiz Scoreboard
CHALLENGE
Sign Up to Join the Scoreboard
Show All
Scores
Hide
Comments
May contain spoilers
Recently Published
1-10 Letter E Words III
by El_Dandy
Language
2m
Street Fighter Characters
by Artimus82
Gaming
60s
College Basketball Coaching Resumes
by pancakes188
Sports
9m
More to Explore
Quiz From the Vault
Featured Blog Post
Where Did the Easter Bunny Come From?
hide this ad
You Might Also Like...
Tags
Director Quiz
3dmm
Advanced
Character
Community
Today's Top Quizzes in Miscellaneous
Browse Miscellaneous
hide this ad
Today's Top Quizzes in Director
Browse Director
Top Contributed Quizzes in Miscellaneous
1
5-to-1: Fast Food
2
The JOE quick-fire general knowledge quiz: Day 174
3
The JOE quick-fire general knowledge quiz: Day 173
4
5-to-1: Cocktails
5
The JOE quick-fire general knowledge quiz: Day 172
6
9x9 Crossword: Disney Movie Titles
7
9x9 Crossword: Charlie and the Chocolate Factory
8
Sunday Crossword: Famous Bodies of Water
9
The JOE quick-fire general knowledge quiz: Day 171
10
9x9 Crossword: Flags
Explore More
Trending Topics
NBA
Kpop
Anime
Marvel
Disney
Harry Potter
Crossword
Song
Puzzle
NFL
The Office
Pokémon
Soccer
Country
WWE
hide this ad
More By:
BENch
Quiz
Plays
Rating
Category
Featured
Created
3DMM Movies - The ADVANCED Quiz!
32
5.00
Miscellaneous
Oct 8, 2009
Go to Creator's Profile
Score Distribution
Quiz Creator Spotlight
BENch
Follow
Send a Message
Quizzes Created
-
Created Quiz Play Count
-
More By This Creator
Popular Quizzes Today
1
Find the US States - No Outlines Minefield
2
Find the Countries of Europe - No Outlines Minefield
3
The Countries of the World
4
Find the US States
5
Risky Map Clicking: Biggest States A-Z
6
US States
7
Popular People in 1961
8
Movies - When Are They Set?
More Miscellaneous Quizzes
Famous Artwork Match-up
Quiz Lab
Trending Quizzes
Risky Map Clicking: Least Populous States A-Z
1-10 Letter G Words
USA Borders Longest to Shortest
1-10 Letter F Words
Countries of the World: 200 Million BC
Recently Updated
Leaping Animals
pecheneg
Reality TV Shows (A-Z)
bhenderson79
Rickey Henderson's Hall of Fame Teammates
pecheneg
Champions League XIs: Arsenal
pecheneg
Quick Pick: Celebrities in WWE's Hall of Fame
aduchscher
A-Z Keypad Blitz II
pecheneg
Multiple Oscar Actors
pecheneg
Mystery Phrase Blitz: Oscar 'Best Actors'
pecheneg
F. Scott Fitzgerald Novels
LTH
Pick 3 Villains
ddd62291
Trending Topics
Crossword
Anime
Marvel
Kpop
Harry Potter
Disney
NBA
Puzzle
The Office
Pokémon
WWE
Country
NFL
Song
Soccer
Your Account Isn't Verified!
In order to create a playlist on Sporcle, you need to verify the email address you used during registration. Go to your
Sporcle Settings
to finish the process.
Report this User
Report this user for behavior that violates our
Community Guidelines
.
Details:
Send Report
Go to the Sporcle.com Mobile Site →
Comments